LEADER 01091nam 2200373 450 001 9910794088303321 005 20230808204649.0 010 $a1-78491-262-X 035 $a(CKB)4100000010568696 035 $a(MiAaPQ)EBC6129456 035 $a(EXLCZ)994100000010568696 100 $a20200613d2016 uy 0 101 0 $afre 135 $aurcnu|||||||| 181 $ctxt$2rdacontent 182 $cc$2rdamedia 183 $acr$2rdacarrier 200 13$aLa ce?ramique du groupe e?piscopal d'Aradi/Sidi Jdidi (Tunisie) /$fTomoo Mukai ; with a contribution by C. Capelli 210 1$aOxford :$cArchaeopress,$d[2016] 210 4$d©2016 215 $a1 online resource (453 pages) 311 $a1-78491-261-1 606 $aPottery, Roman$zTunisia 615 0$aPottery, Roman 676 $a738.309363 700 $aMukai$b Tomoo$f1970-$01482309 702 $aCapelli$b C. 801 0$bMiAaPQ 801 1$bMiAaPQ 801 2$bMiAaPQ 906 $aBOOK 912 $a9910794088303321 996 $aLa ce?ramique du groupe e?piscopal d'Aradi$93699869 997 $aUNINA LEADER 02706oam 2200613 c 450 001 9910563035703321 005 20240922213736.0 024 7 $a10.3726/b12443 035 $a(CKB)4340000000238700 035 $a(oapen)https://directory.doabooks.org/handle/20.500.12854/38223 035 $a(PH02)9783954792887 035 $a(MiAaPQ)EBC31202904 035 $a(oapen)doab38223 035 $a(EXLCZ)994340000000238700 100 $a20240525d1979 uy 0 101 0 $ager 135 $aurnnunnnannuu 181 $ctxt$2rdacontent 182 $cc$2rdamedia 183 $acr$2rdacarrier 200 10$aThema und Anweisungsstruktur im Text mit einer Analyse des ersten Abschnittes aus "Noc s Hamletem" von Vladimi?r Holan$fEva Nitsch 205 $a1st, New ed. 210 $aFrankfurt a.M$cPH02$d1979 215 $a1 online resource (178 p.)$c, EPDF 225 0 $aSlavistische Beitra?ge$v131 300 $aPeter Lang GmbH, Internationaler Verlag der Wissenschaften 311 08$a3-95479-288-5 327 $aEinleitung - Allgemeine Fragen zur Texttheorie - Kompetenz und Performanz in Bezug auf Texte - Text zwischen Sprachsystem und Sprachverwendung - Aspekte der Textbetrachtung - Der Decodierungsprozess im Einzelnen - Thema und Anweisungsstruktur als unmittelbare Textkonstituenten - Textanalytische Methoden zur Auffindung von Textthema und Anweisungsstruktur - Exemplarische Analyse an einem Textausschnitt aus "Noc S Hamletem" von Vladimi?r Holan - Schlussbemerkung 330 $aDas Ziel dieser Arbeit ist es, mit Hilfe von linguistischen und kommunikationstheoretischen Analysemethoden fakultative und gegebenenfalls obligatorische Gesetzma?ßigkeiten der innertextuellen Organisation aufzuzeigen. Dabei werden auch neuere Ansa?tze, insbesondere die von der Logik, Semantik und Systemtheorie beeinflußten, auf ihre Praktikabilita?t hin u?berpru?ft. 606 $aLiterature & literary studies$2bicssc 610 $aAbschnittes 610 $aAnalyse 610 $aAnweisungsstruktur 610 $aeiner 610 $aersten 610 $aHamletem 610 $aHolan 610 $aLinguistik 610 $aLiteraturwissenschaft 610 $aNitsch 610 $aPhilologie 610 $aSprachwissenschaft 610 $aText 610 $aThema 610 $aTschechische Republik 610 $aVladimír 615 7$aLiterature & literary studies 700 $aNitsch$b Eva$4aut$01306618 801 0$bPH02 801 1$bPH02 906 $aBOOK 912 $a9910563035703321 996 $aThema und Anweisungsstruktur im Text mit einer Analyse des ersten Abschnittes aus "Noc s Hamletem" von Vladimír Holan$93028518 997 $aUNINA